书目信息 |
| 题名: |
欧洲书简
|
|
| 作者: | 雅克·勃莱尔 著 ;郭安定 译 | |
| 分册: | ||
| 出版信息: | 北京 生活·读书·新知三联书店 2004 |
|
| 页数: | 229页 | |
| 开本: | 21cm | |
| 丛书名: | 文化生活译丛 | |
| 单 册: | ||
| 中图分类: | G15 | |
| 科图分类: | ||
| 主题词: | 文化--研究报告--欧洲 | |
| 电子资源: | ||
| ISBN: | 7-108-01976-0 | |
| 000 | 00756nam2 2200253 45 | |
| 001 | 012004000000 | |
| 005 | 20041102102220.10 | |
| 010 | @a7-108-01976-0@dCNY 16.00 | |
| 100 | @a20040910d2004 em y0chiy0121 ea | |
| 101 | 1 | @achi@cfre |
| 102 | @aCN@b110000 | |
| 105 | @ay z 000yy | |
| 200 | 1 | @a欧洲书简@Aou zhou shu jian@dLetters d'Europe@f(法)雅克·勃莱尔著@g郭安定译@zeng |
| 210 | @a北京@c生活·读书·新知三联书店@d2004 | |
| 215 | @a229页@d21cm | |
| 225 | 2 | @a文化生活译丛 |
| 410 | 0 | @12001 @a文化生活译丛 |
| 510 | 1 | @aLetters d'Europe@zeng |
| 606 | 0 | @a文化@x研究报告@y欧洲 |
| 690 | @aG15@v4 | |
| 701 | 1 | @a雅克·勃莱尔@Aya ke bo lai er@4著 |
| 702 | 0 | @a郭安定@Aguo an ding@4译 |
| 801 | 0 | @aCN@bQSSKt@c20041102 |
| 905 | @a10447@dG15@eY011 | |
| 欧洲书简=Letters d'Europe/(法)雅克·勃莱尔著/郭安定译.-北京:生活·读书·新知三联书店,2004 |
| 229页;21cm.-(文化生活译丛) |
| ISBN 7-108-01976-0:CNY 16.00 |
| ● |
| 相关链接 |
|
|
|
正题名:欧洲书简
索取号:G15/Y011
 
预约/预借
| 序号 | 登录号 | 条形码 | 馆藏地/架位号 | 状态 | 备注 |
| 1 | 424523 | 204245236 | 社科库409/409社科库 56排5列3层/ [索取号:G15/Y011] | 在馆 | |
| 2 | 424524 | 204245245 | 社科二线422/409社科库 56排5列3层/ [索取号:G15/Y011] | 在馆 | |
| 3 | 424525 | 204245254 | 社科二线422/409社科库 56排5列3层/ [索取号:G15/Y011] | 在馆 |